La metamorfosis / (Registro nro. 11078)
[ vista simple ]
| 000 -LEADER | |
|---|---|
| fixed length control field | 00960nam a22003497 4500 |
| 001 - CONTROL NUMBER | |
| control field | 01936 |
| 003 - CONTROL NUMBER IDENTIFIER | |
| control field | DO-SdBNP |
| 005 - DATE AND TIME OF LATEST TRANSACTION | |
| control field | 20180202113853.0 |
| 007 - PHYSICAL DESCRIPTION FIXED FIELD--GENERAL INFORMATION | |
| fixed length control field | 01936 |
| 008 - FIXED-LENGTH DATA ELEMENTS--GENERAL INFORMATION | |
| fixed length control field | 040419s1991 qu| ||| ||spa |
| 016 7# - NATIONAL BIBLIOGRAPHIC AGENCY CONTROL NUMBER | |
| Record control number | |
| Source | BPMSU |
| 017 ## - COPYRIGHT OR LEGAL DEPOSIT NUMBER | |
| Copyright or legal deposit number | |
| Assigning agency | |
| 020 ## - INTERNATIONAL STANDARD BOOK NUMBER | |
| International Standard Book Number | 9978800247 |
| 035 ## - SYSTEM CONTROL NUMBER | |
| System control number | |
| 040 ## - CATALOGING SOURCE | |
| Original cataloging agency | BPMSU |
| Language of cataloging | spa |
| Transcribing agency | BPMSU |
| Description conventions | |
| 041 1# - LANGUAGE CODE | |
| Language code of text/sound track or separate title | spa |
| Language code of original | |
| 080 #0 - UNIVERSAL DECIMAL CLASSIFICATION NUMBER | |
| Universal Decimal Classification number | |
| 082 ## - DEWEY DECIMAL CLASSIFICATION NUMBER | |
| Classification number | 891.863 |
| Item number | K118m |
| 100 1# - MAIN ENTRY--PERSONAL NAME | |
| Personal name | Kafka, Franz |
| Dates associated with a name | 1883-1924 |
| 243 ## - COLLECTIVE UNIFORM TITLE | |
| Unifor title | <a href=" "> </a> |
| Language of a work | |
| 245 13 - TITLE STATEMENT | |
| Title | La metamorfosis / |
| Statement of responsibility, etc. | Franz Kafka ; estudio introductorio y notas de Catalina Arosemena de Crespo |
| Medium | |
| 260 ## - PUBLICATION, DISTRIBUTION, ETC. (IMPRINT) | |
| Place of publication, distribution, etc. | Lima : |
| Name of publisher, distributor, etc. | Libresa, |
| Date of publication, distribution, etc. | 1991 |
| 300 ## - PHYSICAL DESCRIPTION | |
| Extent | 77 p. |
| Dimensions | 22 cm |
| 490 0# - SERIES STATEMENT | |
| Series statement | Antares |
| Volume/sequential designation | |
| 500 ## - GENERAL NOTE | |
| General note | Incluye cuestionario de comprensión de lectura |
| 650 ## - SUBJECT ADDED ENTRY--TOPICAL TERM | |
| Topical term or geographic name as entry element | NOVELA CHECOSLOVACA |
| Form subdivision | |
| 700 1# - ADDED ENTRY--PERSONAL NAME | |
| Personal name | Arosemena de Crespo, Catalina |
| Relator term | |
| 830 #0 - SERIES ADDED ENTRY--UNIFORM TITLE | |
| Uniform title | Antares |
| 942 ## - ADDED ENTRY ELEMENTS (KOHA) | |
| Source of classification or shelving scheme | Dewey Decimal Classification |
| Koha item type | Libros |
| 945 ## - LOCAL PROCESSING INFORMATION (OCLC) | |
| a | Inventariado, 2018 /LP |
| 956 ## - LOCAL ELECTRONIC LOCATION AND ACCESS (OCLC) | |
| Host name | VMATEO |
| Access number | 10 |
| Compression information | 20160718 |
| Path | BPMSU |
| Electronic name | 00069 |
| Withdrawn status | Lost status | Source of classification or shelving scheme | Damaged status | Not for loan | Collection code | Home library | Current library | Date acquired | Source of acquisition | Total Checkouts | Full call number | Barcode | Date last seen | Price effective from | Koha item type |
|---|---|---|---|---|---|---|---|---|---|---|---|---|---|---|---|
| Dewey Decimal Classification | Colección General | Biblioteca Pública Metropolitana Salomé Ureña | Biblioteca Pública Metropolitana Salomé Ureña | 08/02/2016 | SELLAR | 891.863 K118m | BPMSU16080023 | 08/02/2016 | 08/02/2016 | Libros |